Organ Dómu sv. Martina v Bratislave

Bibliographic Details
Main Author: Mayer, Marian Alojz, 1948- (Author)
Format: Article
Language:Slovak
PhysicalDescription:Obr. 1
Subjects:

MARC

LEADER 00000nab a2200000 a 4500
001 vtls000509448
003 SK-MaSNL
005 20260305035609.0
008 120927c1994 xo 0 slo
015 |a SNBRB19rr/mm-uuuuu 
035 |a CL0509586 
040 |a SNKBUCL  |b slo  |c SNKBUCL  |e AACR2 
041 0 |a slo 
044 |a xo  |c SK 
080 |a 904:681.816(437.67-25)  |2 1981 
080 |a 681.816(437.67-25)  |2 1981 
100 1 |a Mayer, Marian Alojz,  |d 1948-  |4 aut  |9 232314 
245 1 0 |a Organ Dómu sv. Martina v Bratislave  |c Marián A. Mayer 
300 |b Obr. 1 
610 2 7 |a Dóm sv. Martina (Bratislava, Slovensko)  |2 snkbucl  |9 83830 
650 0 7 |a organ (hudobný nástroj)  |2 snkbucl  |9 170726 
651 7 |a 5100  |2 snkbucl  |9 166206 
655 7 |a články z novín a časopisov  |2 snkbucl  |9 267496 
773 0 |t Katolícke noviny  |g Roč. 109, č. 7 (1994), s. 11 
850 |a Slovenská národná knižnica v Martine  |a MTA001 
852 |a SNK  |b KIS3GCP 
958 |a RK 
992 |a RBX 
999 |c 3334739  |d 3336669